| 000 | 02815namaa2200433uu 4500 | ||
|---|---|---|---|
| 001 | doab122133 | ||
| 003 | oapen | ||
| 005 | 20260305123951.0 | ||
| 006 | m o d | ||
| 007 | cr|mn|---annan | ||
| 008 | 231117s2019 xx |||||o ||| 0|eng d | ||
| 020 | _a9780367784379 | ||
| 020 | _a9781138488069 | ||
| 020 | _a9781351042109 | ||
| 020 | _a9781351042109 | ||
| 024 | 7 |
_a10.4324/9781351042109 _2doi |
|
| 040 |
_aoapen _coapen |
||
| 041 | 0 | _aeng | |
| 042 | _adc | ||
| 072 | 7 |
_aRG _2bicssc |
|
| 720 | 1 |
_aWright, Claire _4edt |
|
| 245 | 0 | 0 |
_aThe Prior Consultation of Indigenous Peoples in Latin America _bInside the Implementation Gap |
| 260 |
_bTaylor & Francis _c2019 |
||
| 300 | _a1 online resource | ||
| 336 |
_atext _btxt _2rdacontent |
||
| 337 |
_acomputer _bc _2rdamedia |
||
| 338 |
_aonline resource _bcr _2rdacarrier |
||
| 506 | 0 |
_aFree-to-read _fUnrestricted online access _2star |
|
| 520 | _aThis book delves into the reasons behind and the consequences of the implementation gap regarding the right to prior consultation and the Free, Prior and Informed Consent (FPIC) of Indigenous Peoples in Latin America. In recent years, the economic and political projects of Latin American States have become increasingly dependent on the extractive industries. This has resulted in conflicts when governments and international firms have made considerable investments in those lands that have been traditionally inhabited and used by Indigenous Peoples, who seek to defend their rights against exploitative practices. After decades of intense mobilisation, important gains have been made at international level regarding the opportunity for Indigenous Peoples to have a say on these matters. Notwithstanding this, the right to prior consultation and the FPIC of Indigenous Peoples on the ground are far from being fully applied and guaranteed. And, even when prior consultation processes are carried out, the outcomes remain uncertain. This volume rigorously investigates the causes of this implementation gap and its consequences for the protection of Indigenous Peoples' rights, lands, identities and ways of life in the Latin American region. | ||
| 540 |
_aAll rights reserved _uhttp://oapen.org/content/about-rights |
||
| 546 | _aEnglish | ||
| 650 | 7 |
_aGeography _2bicssc |
|
| 653 | _aconsultation rights, FPIC, Free, Prior and Informed consent, indigenous, Indigenous communities, Indigenous consultation, indigenous prior consultation, Indigenous rights, Indigenous threats, latin america, prior consultation | ||
| 720 | 1 |
_aTomaselli, Alexandra _4edt |
|
| 720 | 1 |
_aTomaselli, Alexandra _4oth |
|
| 720 | 1 |
_aWright, Claire _4oth |
|
| 793 | 0 | _aDOAB Library. | |
| 856 | 4 | 0 |
_uhttps://directory.doabooks.org/handle/20.500.12854/122133 _70 _zFree-to-read: DOAB: description of the publication |
| 999 |
_c93093 _d93093 |
||